[Event "Carnaval"]
[Site "Quebec CAN"]
[Date "2006.02.19"]
[Round "5"]
[White "Angers, Gilles"]
[Black "Lemire-Paquin, Alexandre"]
[Result "1-0"]
[WhiteElo "1946"]
[BlackElo "2017"]
[PlyCount "113"]
[EventDate "2006.02.17"]
[EventType "swiss"]
[EventRounds "5"]
[EventCountry "CAN"]

1. e4 c5 2. Nc3 e6 3. g3 Nc6 4. Bg2 Nf6 5. f4 d5 6. e5 Nd7 7. Nf3 Be7 8. O-O
Qa5 9. Ne2 b5 10. d4 b4 11. Be3 Ba6 12. Rf2 Bxe2 13. Rxe2 g6 14. a3 cxd4 15.
axb4 Qxb4 16. Nxd4 Nxd4 17. Qxd4 O-O 18. Qxb4 Bxb4 19. Rxa7 Rxa7 20. Bxa7 Rc8
21. c3 Bc5+ 22. Bxc5 Nxc5 23. Rc2 Na4 24. Bf1 Kg7 25. Kf2 h6 26. Ke3 Rb8 27. b4
Rc8 28. Kd4 Nb6 29. Ra2 Nc4 30. b5 g5 31. Ra6 Nd2 32. Rc6 Rb8 33. Be2 Nb3+ 34.
Ke3 Na5 35. Rc7 Kg6 36. Bd3+ Kg7 37. Kd2 gxf4 38. gxf4 Nc4+ 39. Bxc4 dxc4 40.
Rc5 Kg6 41. Ke3 Kf5 42. Kd4 Kxf4 43. Kxc4 Rb7 44. Kb4 f5 45. exf6 e5 46. Ka5 e4
47. Rc8 e3 48. Re8 Kf3 49. c4 e2 50. c5 Rb8 51. Re5 Kf2 52. b6 Ra8+ 53. Kb5
e1=Q 54. Rxe1 Kxe1 55. c6 Ra2 56. c7 Rc2 57. Ka6 1-0

[Event "Carnaval"]
[Site "Quebec CAN"]
[Date "2006.02.19"]
[Round "5"]
[White "Beaudoin, Stephane"]
[Black "Chevalier, Francois"]
[Result "0-1"]
[WhiteElo "1985"]
[BlackElo "1730"]
[PlyCount "50"]
[EventDate "2006.02.17"]
[EventType "swiss"]
[EventRounds "5"]
[EventCountry "CAN"]

1. e4 c6 2. Nf3 d5 3. exd5 cxd5 4. Ne5 Nf6 5. d4 Nc6 6. f4 Bf5 7. Be2 e6 8. O-O
Be7 9. c3 O-O 10. Nd2 Nxe5 11. fxe5 Ne4 12. Bg4 Bg6 13. Nb3 b5 14. Be3 Qb6 15.
Nc1 Rac8 16. Nd3 b4 17. cxb4 Bxb4 18. Qe2 Rc7 19. Nf4 Rfc8 20. Nxd5 exd5 21.
Bxc8 Rxc8 22. Rac1 Rxc1 23. Rxc1 h6 24. Rc8+ Kh7 25. Qc2 Nd6 0-1

[Event "Carnaval"]
[Site "Quebec CAN"]
[Date "2006.02.19"]
[Round "5"]
[White "Berube, Antoine"]
[Black "Boudreau, Daniel"]
[Result "1-0"]
[WhiteElo "2158"]
[BlackElo "1962"]
[PlyCount "131"]
[EventDate "2006.02.17"]
[EventType "swiss"]
[EventRounds "5"]
[EventCountry "CAN"]

1. d4 Nf6 2. c4 e6 3. Nc3 Bb4 4. Nf3 O-O 5. Bg5 c5 6. e3 Bxc3+ 7. bxc3 h6 8.
Bh4 Qe7 9. Bd3 d6 10. e4 e5 11. d5 Nbd7 12. O-O Re8 13. Qc2 Nf8 14. Nd2 g5 15.
Bg3 Ng6 16. Rfe1 Nh5 17. Nf1 Nhf4 18. Ne3 Qf6 19. Bf1 Kh8 20. h3 Rg8 21. Rab1
Ne7 22. Bh2 b6 23. a4 g4 24. hxg4 Bxg4 25. Kh1 Rg5 26. Nxg4 Rxg4 27. g3 Nfg6
28. Bh3 Rg5 29. Qe2 h5 30. Rf1 h4 31. f4 exf4 32. gxf4 Rg3 33. Qh5+ Kg7 34. e5
dxe5 35. fxe5 Qxe5 36. Qxe5+ Nxe5 37. Bxg3 hxg3 38. Rbe1 N7g6 39. Re4 Nd3 40.
Kg2 Nf2 41. Re3 Nf4+ 42. Kxg3 N2xh3 43. Rxf4 Nxf4 44. Kxf4 Kf6 45. Rh3 Re8 46.
Rh6+ Ke7 47. Kf5 Kd7 48. Rh7 Re7 49. Kf6 Re4 50. Kf5 Rxc4 51. Ke5 Ke7 52. d6+
Ke8 53. Kd5 Rxc3 54. Kc6 Kf8 55. Rh8+ Kg7 56. Re8 Rd3 57. d7 f5 58. d8=Q Rxd8
59. Rxd8 Kf6 60. Kb7 Ke5 61. Kxa7 c4 62. Kxb6 c3 63. Kb5 Ke4 64. a5 c2 65. Rc8
Kd3 66. a6 1-0

[Event "Carnaval"]
[Site "Quebec CAN"]
[Date "2006.02.19"]
[Round "5"]
[White "Caire, Francois"]
[Black "Auger, Bertrand"]
[Result "1-0"]
[WhiteElo "2186"]
[BlackElo "2013"]
[PlyCount "69"]
[EventDate "2006.02.17"]
[EventType "swiss"]
[EventRounds "5"]
[EventCountry "CAN"]

1. d4 e6 2. c4 Nf6 3. g3 d5 4. Bg2 Be7 5. Nf3 O-O 6. O-O b6 7. Nc3 Bb7 8. Ne5
Nbd7 9. cxd5 Nxd5 10. Nxd5 exd5 11. Nd3 c5 12. dxc5 bxc5 13. Nf4 Nf6 14. b3 Qd7
15. Ba3 Rad8 16. Rc1 Qb5 17. Qc2 Rc8 18. Rfd1 Rfd8 19. Bb2 c4 20. Bxf6 cxb3 21.
Qxb3 Qxb3 22. axb3 Rxc1 23. Rxc1 Bxf6 24. Rc7 Ba8 25. Rxa7 g6 26. Ra5 Bc3 27.
Ra6 Kg7 28. e3 h5 29. Kf1 Kf8 30. Ke2 Kg7 31. Kd3 Be1 32. Ra2 Kh6 33. Kd4 g5
34. Nd3 Bc3+ 35. Kxc3 1-0

[Event "Carnaval"]
[Site "Quebec CAN"]
[Date "2006.02.19"]
[Round "5"]
[White "Larochelle, Martial"]
[Black "Masse, Hugues"]
[Result "1/2-1/2"]
[WhiteElo "2122"]
[BlackElo "2296"]
[PlyCount "34"]
[EventDate "2006.02.17"]
[EventType "swiss"]
[EventRounds "5"]
[EventCountry "CAN"]

1. Nf3 Nf6 2. c4 g6 3. Nc3 d5 4. cxd5 Nxd5 5. e4 Nxc3 6. dxc3 Qxd1+ 7. Kxd1 f6
8. Be3 e5 9. Kc2 Be6 10. Nd2 Nd7 11. Bc4 Bxc4 12. Nxc4 Bc5 13. Bxc5 Nxc5 14. f3
O-O-O 15. Rad1 Rxd1 16. Rxd1 Rd8 17. Rxd8+ Kxd8 1/2-1/2

[Event "Carnaval"]
[Site "Quebec CAN"]
[Date "2006.02.19"]
[Round "5"]
[White "Ouellet, Michel"]
[Black "Arteau, Benoit"]
[Result "1/2-1/2"]
[WhiteElo "1886"]
[BlackElo "1918"]
[PlyCount "74"]
[EventDate "2006.02.17"]
[EventType "swiss"]
[EventRounds "5"]
[EventCountry "CAN"]

1. e4 c5 2. Nc3 Nc6 3. g3 g6 4. Bg2 Bg7 5. d3 e6 6. Be3 b6 7. Qd2 Nge7 8. Bh6
O-O 9. h4 d5 10. Bxg7 Kxg7 11. h5 Rh8 12. h6+ Kf8 13. exd5 exd5 14. Qg5 Be6 15.
Qf6 Rg8 16. Nf3 Nf5 17. Qxd8+ Rxd8 18. Ng5 Rh8 19. O-O-O Nfe7 20. Rde1 Bf5 21.
f4 f6 22. Ne6+ Bxe6 23. Rxe6 Kf7 24. Rhe1 Rhe8 25. Nxd5 Nxd5 26. Bxd5 Rxe6 27.
Bxe6+ Kf8 28. Bc4 Rd6 29. c3 Ne7 30. Re6 Nf5 31. Rxd6 Nxd6 32. g4 Nxc4 33. dxc4
Ke7 34. Kd2 Kd6 35. Kd3 Ke6 36. Ke3 a6 37. Kd3 Kd6 1/2-1/2

[Event "Chess First! flex 1"]
[Site "North Vancouver CAN"]
[Date "2006.??.??"]
[Round "?"]
[White "Kerry, James"]
[Black "Huang, Richard"]
[Result "0-1"]
[WhiteElo "1953"]
[BlackElo "1626"]
[PlyCount "64"]
[EventDate "2006.03.09"]
[EventType "tourn"]
[EventRounds "5"]
[EventCountry "CAN"]

1. e4 c5 2. Nf3 e6 3. d4 cxd4 4. c3 dxc3 5. Nxc3 a6 6. Bc4 Qc7 7. Qe2 Nc6 8.
O-O Nge7 9. Rd1 g6 10. Bg5 Bg7 11. Rac1 O-O 12. Bb3 Qd8 13. Rd6 h6 14. Bh4 g5
15. Bg3 Ng6 16. e5 g4 17. Nd4 Ncxe5 18. Rd1 Qe7 19. Nc2 f5 20. Bxe5 Nxe5 21.
Na4 f4 22. Qe4 Qh4 23. f3 gxf3 24. gxf3 Qh3 25. Nd4 Rf6 26. Qe2 Rg6+ 27. Kh1 b5
28. Nc5 Nf7 29. Bc2 Rg5 30. Ne4 Nxd6 31. Nxd6 Rd5 32. Qe4 Rxd4 0-1

[Event "Chess First! flex 1"]
[Site "North Vancouver CAN"]
[Date "2006.04.08"]
[Round "?"]
[White "Kerry, James"]
[Black "Somers, Brian"]
[Result "1-0"]
[WhiteElo "1953"]
[BlackElo "1363"]
[PlyCount "31"]
[EventDate "2006.03.09"]
[EventType "tourn"]
[EventRounds "5"]
[EventCountry "CAN"]

1. e4 e6 2. Nf3 d5 3. Nc3 Nf6 4. e5 Nfd7 5. d4 c5 6. dxc5 Bxc5 7. Bf4 Nc6 8.
Bd3 Qb6 9. Qd2 Bb4 10. a3 Qa5 11. O-O Bxc3 12. bxc3 O-O 13. Bxh7+ Kxh7 14. Ng5+
Kg8 15. Qd3 g6 16. Qh3 1-0

[Event "Chess First! flex 1"]
[Site "North Vancouver CAN"]
[Date "2006.04.02"]
[Round "?"]
[White "Somers, Brian"]
[Black "Huang, Richard"]
[Result "0-1"]
[WhiteElo "1363"]
[BlackElo "1626"]
[PlyCount "80"]
[EventDate "2006.03.09"]
[EventType "tourn"]
[EventRounds "5"]
[EventCountry "CAN"]

1. e4 c5 2. Nf3 e6 3. d4 cxd4 4. Nxd4 a6 5. Be3 Nf6 6. Nd2 Qc7 7. Bd3 Be7 8.
O-O O-O 9. N2f3 d6 10. c4 Nc6 11. a3 Rd8 12. Qc2 Bd7 13. b4 Rac8 14. Nb3 Ne5
15. Nxe5 dxe5 16. c5 Ba4 17. f3 Nh5 18. Qc3 Nf4 19. Bxf4 exf4 20. Bc2 Bf6 21.
Qe1 Bxa1 22. Qxa1 Bxb3 23. Bxb3 Rd2 24. Rd1 Rcd8 25. Rxd2 Rxd2 26. Qc1 Qd7 27.
Bd5 Rd4 28. Qxf4 Qxd5 29. exd5 Rxf4 30. d6 Rd4 31. Kf2 Kf8 32. Ke3 Rd5 33. g4
Ke8 34. h4 Kd7 35. f4 Rd1 36. f5 exf5 37. gxf5 Ra1 38. Ke4 Rxa3 39. Ke5 Rb3 40.
f6 g6 0-1

[Event "Chess First! flex 1"]
[Site "North Vancouver CAN"]
[Date "2006.03.09"]
[Round "1"]
[White "Huang, Richard"]
[Black "Ivankovic, Goran"]
[Result "1/2-1/2"]
[WhiteElo "1626"]
[BlackElo "1976"]
[PlyCount "58"]
[EventDate "2006.03.09"]
[EventType "tourn"]
[EventRounds "5"]
[EventCountry "CAN"]

1. Nf3 d6 2. g3 c6 3. Bg2 Qc7 4. O-O Nd7 5. c4 e5 6. Nc3 Ngf6 7. d3 g6 8. Bd2
Bg7 9. Qc1 O-O 10. b4 d5 11. Bh6 d4 12. Bxg7 Kxg7 13. Nd1 Qd6 14. c5 Qe7 15.
Nb2 Nd5 16. Qd2 f5 17. Nc4 Qf6 18. a3 b5 19. Nd6 h6 20. Qb2 N7b6 21. cxb6 Qxd6
22. bxa7 Rxa7 23. Nd2 Nc3 24. Nb3 Be6 25. Nc5 Rfa8 26. Rfe1 Bd5 27. Bxd5 Qxd5
28. e3 Na4 29. Nxa4 Rxa4 1/2-1/2

[Event "Chess First! flex 1"]
[Site "North Vancouver CAN"]
[Date "2006.03.09"]
[Round "1"]
[White "Somers, Brian"]
[Black "Sladek, Vaclav"]
[Result "0-1"]
[WhiteElo "1363"]
[BlackElo "2062"]
[PlyCount "45"]
[EventDate "2006.03.09"]
[EventType "tourn"]
[EventRounds "5"]
[EventCountry "CAN"]

1. e4 c5 2. c3 Nf6 3. e5 Nd5 4. Qf3 e6 5. Bd3 Nc6 6. Qg3 g6 7. Be4 Bg7 8. Nf3
Qc7 9. Bxd5 exd5 10. d4 cxd4 11. cxd4 Nxd4 12. Nxd4 Qxc1+ 13. Ke2 Qxb2+ 14. Nd2
Qxd4 15. Nf3 Qc4+ 16. Kd1 O-O 17. Nd2 Qd4 18. Kc2 d6 19. Rhd1 Bf5+ 20. Kb3 Qb6+
21. Ka3 Bxe5 22. Qb3 Qa5+ 23. Qa4 0-1

[Event "Chess First! flex 1"]
[Site "North Vancouver CAN"]
[Date "2006.03.09"]
[Round "1"]
[White "Trochtchanovitch, Pavel"]
[Black "Kerry, James"]
[Result "0-1"]
[WhiteElo "1572"]
[BlackElo "1973"]
[PlyCount "104"]
[EventDate "2006.03.09"]
[EventType "tourn"]
[EventRounds "5"]
[EventCountry "CAN"]

1. e4 c5 2. Nf3 d6 3. d4 cxd4 4. Nxd4 Nf6 5. Nc3 a6 6. Be3 e5 7. Nf3 Nbd7 8.
Be2 b5 9. a3 Be7 10. Nd2 Bb7 11. f3 Rc8 12. Nf1 Nb6 13. Ng3 d5 14. exd5 Nbxd5
15. Nxd5 Nxd5 16. Bf2 O-O 17. O-O Nf4 18. c3 f5 19. Qc2 Nxe2+ 20. Qxe2 Qc7 21.
Rad1 Rce8 22. Qc2 Qc8 23. Rd2 Bg5 24. Re2 Bd8 25. Rfe1 Bc7 26. a4 Bd5 27. Bc5
Rf7 28. Bd4 Bc4 29. Rxe5 Bxe5 30. Rxe5 Rxe5 31. Bxe5 f4 32. Ne4 Qf5 33. Bd4 Bd5
34. Qe2 Bxe4 35. fxe4 f3 36. gxf3 Qxf3 37. Qxf3 Rxf3 38. axb5 axb5 39. Kg2 Rd3
40. b4 Kf7 41. Kf2 g6 42. Ke2 Rh3 43. Be5 Ke6 44. Bg3 g5 45. Ke3 h5 46. Kf3 h4
47. Kg4 hxg3 48. Kxh3 gxh2 49. Kxh2 Ke5 50. c4 bxc4 51. b5 Kd6 52. Kg3 c3 0-1

[Event "Chess First! flex 1"]
[Site "North Vancouver CAN"]
[Date "2006.03.16"]
[Round "2"]
[White "Huang, Richard"]
[Black "Trochtchanovitch, Pavel"]
[Result "0-1"]
[WhiteElo "1626"]
[BlackElo "1572"]
[PlyCount "86"]
[EventDate "2006.03.09"]
[EventType "tourn"]
[EventRounds "5"]
[EventCountry "CAN"]

1. Nf3 Nf6 2. g3 d5 3. Bg2 Bf5 4. O-O e6 5. d3 Bc5 6. c4 c6 7. cxd5 cxd5 8. d4
Bd6 9. Nc3 a6 10. Be3 O-O 11. Qd2 Nbd7 12. Nh4 Bg6 13. f4 Ne4 14. Nxe4 Bxe4 15.
Bxe4 dxe4 16. f5 Be7 17. Ng2 exf5 18. Rxf5 Nb6 19. Qc2 Bf6 20. Qxe4 Qd7 21. b3
Rae8 22. Qd3 Nd5 23. Rd1 Nb4 24. Qb1 Nxa2 25. Rc5 Nb4 26. d5 Rc8 27. Qe4 a5 28.
Rxa5 Nc2 29. Rc5 Nxe3 30. Qxe3 Rfe8 31. Rxc8 Qxc8 32. Qc1 Qd7 33. Qc4 b5 34.
Qd3 Be5 35. e4 Rc8 36. Qe2 Rc3 37. Rd3 Rc1+ 38. Rd1 Qc7 39. Rxc1 Qxc1+ 40. Qe1
Qc2 41. Qa5 Qd1+ 42. Qe1 Qd3 43. Qa5 Bd4+ 0-1

[Event "Chess First! flex 1"]
[Site "North Vancouver CAN"]
[Date "2006.03.16"]
[Round "2"]
[White "Ivankovic, Goran"]
[Black "Somers, Brian"]
[Result "1/2-1/2"]
[WhiteElo "1975"]
[BlackElo "1353"]
[PlyCount "70"]
[EventDate "2006.03.09"]
[EventType "tourn"]
[EventRounds "5"]
[EventCountry "CAN"]

1. e4 e6 2. Nf3 d5 3. Nc3 d4 4. Ne2 c5 5. Ng3 Nc6 6. Be2 Bd6 7. d3 Nge7 8. O-O
e5 9. Nh4 Ng6 10. Nhf5 Qf6 11. Nh5 Qd8 12. Nhxg7+ Kf8 13. Bh6 Kg8 14. Nxd6 Qxd6
15. Nf5 Bxf5 16. exf5 Nge7 17. Bg5 f6 18. Bd2 Nxf5 19. g4 Nh4 20. Bf3 Kf7 21.
Be4 h5 22. f3 f5 23. Bxc6 Qxc6 24. Bg5 hxg4 25. Bxh4 Rxh4 26. fxg4 f4 27. Qf3
Qxf3 28. Rxf3 Rxg4+ 29. Kf2 Rag8 30. Ke2 Rg2+ 31. Rf2 Kf6 32. Kf3 R2g4 33. Re1
b5 34. Rfe2 Rh4 35. Rxe5 Rh3+ 1/2-1/2

[Event "Chess First! flex 1"]
[Site "North Vancouver CAN"]
[Date "2006.03.16"]
[Round "2"]
[White "Sladek, Vaclav"]
[Black "Kerry, James"]
[Result "1-0"]
[WhiteElo "2052"]
[BlackElo "1973"]
[PlyCount "55"]
[EventDate "2006.03.09"]
[EventType "tourn"]
[EventRounds "5"]
[EventCountry "CAN"]

1. Nf3 d5 2. d4 Nf6 3. c4 c6 4. e3 Bf5 5. Qb3 Qb6 6. Qxb6 axb6 7. cxd5 cxd5 8.
Bb5+ Nfd7 9. Nc3 e6 10. O-O Bd6 11. Bd2 Nc6 12. h3 h5 13. Rfe1 Be4 14. Nxe4
dxe4 15. Ng5 Nf6 16. Rec1 Rc8 17. Ba4 h4 18. Bc2 Ke7 19. Nxe4 Na5 20. Nxd6 Kxd6
21. Bb4+ Kd5 22. f3 Nc4 23. Bb3 b5 24. a4 bxa4 25. Rxa4 b5 26. Ra6 Rhd8 27. Kf2
Nh5 28. Ra5 1-0

[Event "Chess First! flex 1"]
[Site "North Vancouver CAN"]
[Date "2006.03.23"]
[Round "3"]
[White "Kerry, James"]
[Black "Ivankovic, Goran"]
[Result "1/2-1/2"]
[WhiteElo "1973"]
[BlackElo "1976"]
[PlyCount "72"]
[EventDate "2006.03.09"]
[EventType "tourn"]
[EventRounds "5"]
[EventCountry "CAN"]

1. e4 d6 2. d4 c6 3. Nf3 Nd7 4. Be2 e5 5. Nc3 Ngf6 6. h3 Be7 7. Be3 Qa5 8. O-O
O-O 9. Qd2 Rd8 10. Nd5 Qxd2 11. Nxe7+ Kf8 12. Nxd2 Kxe7 13. f4 Ne8 14. dxe5
dxe5 15. Nc4 f6 16. fxe5 fxe5 17. Bg5+ Nef6 18. Rad1 h6 19. Bh4 Rf8 20. Nd6 Nc5
21. Nf5+ Bxf5 22. exf5 Rfd8 23. g4 Rxd1 24. Rxd1 b6 25. b3 Rd8 26. Kf2 Rxd1 27.
Bxd1 Kd6 28. c4 Nce4+ 29. Ke3 Nc3 30. Bf3 Nxa2 31. Be1 a5 32. h4 Nb4 33. Bxb4+
axb4 34. g5 hxg5 35. hxg5 Nh7 36. f6 g6 1/2-1/2

[Event "Chess First! flex 1"]
[Site "North Vancouver CAN"]
[Date "2006.03.23"]
[Round "3"]
[White "Sladek, Vaclav"]
[Black "Huang, Richard"]
[Result "1/2-1/2"]
[WhiteElo "2062"]
[BlackElo "1626"]
[PlyCount "25"]
[EventDate "2006.03.09"]
[EventType "tourn"]
[EventRounds "5"]
[EventCountry "CAN"]

1. Nf3 Nf6 2. d4 d5 3. c4 c6 4. cxd5 cxd5 5. Nc3 Nc6 6. Bf4 Bf5 7. Qb3 Na5 8.
Qa4+ Bd7 9. Qd1 e6 10. e3 Rc8 11. a3 Nc4 12. Qb3 Na5 13. Qd1 1/2-1/2

[Event "Chess First! flex 1"]
[Site "North Vancouver CAN"]
[Date "2006.03.23"]
[Round "3"]
[White "Somers, Brian"]
[Black "Trochtchanovitch, Pavel"]
[Result "1-0"]
[WhiteElo "1363"]
[BlackElo "1752"]
[PlyCount "69"]
[EventDate "2006.03.09"]
[EventType "tourn"]
[EventRounds "5"]
[EventCountry "CAN"]

1. e4 e5 2. f4 d5 3. exd5 e4 4. Bc4 Nf6 5. Qe2 Bc5 6. Nc3 Bg4 7. Qf1 c6 8. h3
cxd5 9. Bxd5 Nxd5 10. Qb5+ Bd7 11. Qxc5 Nxc3 12. Qe5+ Qe7 13. Qxg7 Rf8 14. Qxc3
Nc6 15. Ne2 O-O-O 16. b3 Kb8 17. Bb2 Rc8 18. a3 Rg8 19. g3 h5 20. O-O-O Bf5 21.
Qe3 Rgd8 22. Nc3 Nd4 23. Kb1 Qe6 24. Rc1 Bxh3 25. Nxe4 Bg2 26. Bxd4 Qxe4 27.
Be5+ Ka8 28. Rxh5 Qg6 29. Rg5 Qa6 30. Bc3 Bd5 31. Bb4 Re8 32. Qd4 Bxb3 33. cxb3
Rxc1+ 34. Kxc1 Rc8+ 35. Rc5 1-0

[Event "Chess First! flex 1"]
[Site "North Vancouver CAN"]
[Date "2006.03.30"]
[Round "4"]
[White "Ivankovic, Goran"]
[Black "Sladek, Vaclav"]
[Result "1/2-1/2"]
[WhiteElo "1976"]
[BlackElo "2052"]
[PlyCount "79"]
[EventDate "2006.03.09"]
[EventType "tourn"]
[EventRounds "5"]
[EventCountry "CAN"]

1. Nf3 Nf6 2. g3 d5 3. Bg2 c5 4. d3 Nc6 5. O-O e5 6. Nbd2 Bg4 7. h3 Bh5 8. c3
Be7 9. Re1 O-O 10. e4 dxe4 11. dxe4 Qc7 12. Qc2 Rad8 13. a4 a6 14. Nc4 b5 15.
Ne3 Bg6 16. Nh4 c4 17. Nxg6 hxg6 18. Nd5 Nxd5 19. exd5 Na5 20. axb5 axb5 21.
Be3 Rfe8 22. Ra2 Bd6 23. Qe2 Nb3 24. Ra7 Qc8 25. h4 Bc5 26. Bxc5 Qxc5 27. Ra6
e4 28. h5 gxh5 29. Rc6 Qxd5 30. Bxe4 Qd2 31. Rb6 Qxe2 32. Rxe2 Nc5 33. Bf3 Rxe2
34. Bxe2 Rd2 35. Rxb5 Rxe2 36. Rxc5 Rxb2 37. Rxc4 Rc2 38. Kg2 Kf8 39. Kf3 Ke7
40. Ke3 1/2-1/2

[Event "Chess First! flex 1"]
[Site "North Vancouver CAN"]
[Date "2006.03.30"]
[Round "4"]
[White "Sladek, Vaclav"]
[Black "Trochtchanovitch, Pavel"]
[Result "1/2-1/2"]
[WhiteElo "2062"]
[BlackElo "1752"]
[PlyCount "43"]
[EventDate "2006.03.09"]
[EventType "tourn"]
[EventRounds "5"]
[EventCountry "CAN"]

1. d4 d5 2. c4 Nf6 3. Nc3 e6 4. Nf3 Be7 5. Bf4 b6 6. e3 Bb7 7. Rc1 c5 8. Nb5
Na6 9. Qa4 O-O 10. Be2 Nh5 11. Bg3 Nxg3 12. hxg3 Nc7 13. Nxc7 Qxc7 14. Qc2 g6
15. a3 Rac8 16. cxd5 Bxd5 17. O-O Bd6 18. Rfd1 Bxf3 19. gxf3 cxd4 20. Qxc7 Rxc7
21. Rxc7 Bxc7 22. exd4 1/2-1/2

[Event "Chess First! flex 1"]
[Site "North Vancouver CAN"]
[Date "2006.04.06"]
[Round "5"]
[White "Trochtchanovitch, Pavel"]
[Black "Ivankovic, Goran"]
[Result "0-1"]
[WhiteElo "1752"]
[BlackElo "1976"]
[PlyCount "62"]
[EventDate "2006.03.09"]
[EventType "tourn"]
[EventRounds "5"]
[EventCountry "CAN"]

1. e4 d6 2. d4 c6 3. Nf3 Nd7 4. Nc3 e5 5. dxe5 dxe5 6. Bc4 Be7 7. O-O Ngf6 8.
a3 O-O 9. b4 a5 10. bxa5 Qxa5 11. Bb2 Nb6 12. Bb3 Bg4 13. Qe2 Rfd8 14. Nd1 Na4
15. Bc1 Nc3 16. Qc4 Rxd1 17. Rxd1 Be6 18. Qf1 Bxb3 19. cxb3 Nxd1 20. Qxd1 Nxe4
21. Qc2 Qd5 22. Bb2 Nc5 23. b4 Nd3 24. Rd1 e4 25. Ne5 Rd8 26. f3 Qb5 27. Nc4
Nxb2 28. Rxd8+ Bxd8 29. Qxe4 Kf8 30. Qd4 Bc7 31. Qd7 Nxc4 0-1

[Event "Dimanche 2006.10"]
[Site "Montreal CAN"]
[Date "2006.10.01"]
[Round "1"]
[White "Bergeron, Marc"]
[Black "Plourde, Serge"]
[Result "1-0"]
[WhiteElo "1991"]
[BlackElo "1195"]
[PlyCount "71"]
[EventDate "2006.10.01"]
[EventType "swiss"]
[EventRounds "5"]
[EventCountry "CAN"]

1. c4 Nf6 2. Nc3 e6 3. g3 Bb4 4. Bg2 Bxc3 5. bxc3 O-O 6. Nf3 d6 7. O-O Bd7 8.
d3 c5 9. e4 e5 10. h3 h6 11. Re1 Qc8 12. Kh2 Nc6 13. Nd2 Nh7 14. g4 Qd8 15. Nf3
Qc8 16. Be3 Nd8 17. Rc1 Ne6 18. d4 f6 19. Nh4 Rf7 20. Nf5 Qf8 21. Qd2 Neg5 22.
h4 Bxf5 23. exf5 Rb8 24. hxg5 fxg5 25. Bd5 Nf6 26. Bxf7+ Qxf7 27. f3 h5 28.
Bxg5 hxg4 29. Bxf6 Qh5+ 30. Kg1 gxf6 31. fxg4 Qf7 32. dxe5 Qxc4 33. exf6 Kf7
34. Re7+ Kxf6 35. Qxd6+ Kg5 36. Rg7+ 1-0

[Event "Dimanche 2006.10"]
[Site "Montreal CAN"]
[Date "2006.10.01"]
[Round "1"]
[White "Carignan-Leblanc, Cedric"]
[Black "Charbonneau, Olivier"]
[Result "1-0"]
[WhiteElo "1344"]
[BlackElo "1248"]
[PlyCount "47"]
[EventDate "2006.10.01"]
[EventType "swiss"]
[EventRounds "5"]
[EventCountry "CAN"]

1. e4 c5 2. Nf3 e6 3. Bc4 d6 4. O-O Nc6 5. b3 Nf6 6. Re1 Be7 7. Bb2 O-O 8. Nc3
a6 9. d4 cxd4 10. Nxd4 Bd7 11. Nf3 b5 12. Bd3 b4 13. Ne2 e5 14. c3 a5 15. Qd2
Bg4 16. Nh4 g6 17. Ng3 Re8 18. f4 Be6 19. f5 Bc8 20. Bc4 Kg7 21. fxg6 hxg6 22.
Qg5 Nxe4 23. Ngf5+ Kg8 24. Bxf7+ 1-0

[Event "Dimanche 2006.10"]
[Site "Montreal CAN"]
[Date "2006.10.01"]
[Round "1"]
[White "Chesnut, Walter"]
[Black "Messier, Samuel"]
[Result "0-1"]
[WhiteElo "1302"]
[BlackElo "1574"]
[PlyCount "56"]
[EventDate "2006.10.01"]
[EventType "swiss"]
[EventRounds "5"]
[EventCountry "CAN"]

1. e4 c6 2. d4 d5 3. Nc3 dxe4 4. Nxe4 Nd7 5. Nf3 Ngf6 6. Nxf6+ Nxf6 7. c3 Bg4
8. Be2 e6 9. Ne5 Bxe2 10. Qxe2 h6 11. Bf4 Bd6 12. Qf3 O-O 13. Qg3 Nh5 14. Qg4
Nxf4 15. Qxf4 f6 16. Qg4 fxe5 17. Qxe6+ Rf7 18. dxe5 Bxe5 19. O-O Qf6 20. Qc4
Qd6 21. g3 Qf6 22. Rae1 Bc7 23. Re6 Qf3 24. Re3 Qf5 25. Qe2 Bb6 26. Re5 Qf3 27.
Qc2 Raf8 28. Re2 h5 0-1

[Event "Dimanche 2006.10"]
[Site "Montreal CAN"]
[Date "2006.10.01"]
[Round "1"]
[White "Guentchev, Radoslav"]
[Black "Carrier, Claude"]
[Result "0-1"]
[WhiteElo "1180"]
[BlackElo "1960"]
[PlyCount "24"]
[EventDate "2006.10.01"]
[EventType "swiss"]
[EventRounds "5"]
[EventCountry "CAN"]

1. d4 Nf6 2. g3 d5 3. Nf3 g6 4. Bg2 Bg7 5. O-O Nbd7 6. c3 O-O 7. Na3 Re8 8. Bf4
a6 9. Qa4 b5 10. Nxb5 Nb6 11. Bxc7 Nxa4 12. Bxd8 Rxd8 0-1

[Event "Dimanche 2006.10"]
[Site "Montreal CAN"]
[Date "2006.10.01"]
[Round "1"]
[White "Katch, Gary"]
[Black "Sedek, Jorge"]
[Result "1-0"]
[WhiteElo "1701"]
[BlackElo "1386"]
[PlyCount "51"]
[EventDate "2006.10.01"]
[EventType "swiss"]
[EventRounds "5"]
[EventCountry "CAN"]

1. e4 c5 2. c3 Nc6 3. d4 e6 4. d5 exd5 5. exd5 Qe7+ 6. Be2 Ne5 7. Be3 d6 8. Nf3
Nf6 9. O-O Qc7 10. c4 Ned7 11. Nc3 a6 12. Qc2 h6 13. Rae1 Be7 14. Nd2 O-O 15.
f4 Nb6 16. f5 Bd7 17. Bd3 Nc8 18. Nf3 Na7 19. Bxh6 Bxf5 20. Bg5 Bxd3 21. Qxd3
Rfe8 22. Qf5 Nh7 23. Ne4 Bxg5 24. Nfxg5 g6 25. Qxf7+ Qxf7 26. Nxf7 1-0

[Event "Dimanche 2006.10"]
[Site "Montreal CAN"]
[Date "2006.10.01"]
[Round "1"]
[White "Peja, Dritan"]
[Black "Bergeron, Rene"]
[Result "1-0"]
[WhiteElo "1722"]
[BlackElo "1484"]
[PlyCount "58"]
[EventDate "2006.10.01"]
[EventType "swiss"]
[EventRounds "5"]
[EventCountry "CAN"]

1. e4 d5 2. exd5 Qxd5 3. Nf3 Bg4 4. Be2 Nc6 5. O-O O-O-O 6. c4 Qd7 7. Ng5 Bxe2
8. Qxe2 e5 9. Nc3 Qf5 10. Nf3 Nf6 11. Re1 Nd4 12. Nxd4 exd4 13. Ne4 d3 14. Qf3
Qe6 15. Kf1 Qxc4 16. Nxf6 gxf6 17. Qxf6 Bc5 18. b3 Qd5 19. Re5 Qd4 20. Qf5+ Kb8
21. Rb1 Bb6 22. Bb2 Qh4 23. Kg1 Rdf8 24. Rbe1 Qh6 25. Re7 Qc6 26. g3 Qc2 27.
Bc3 Qxa2 28. Qxf7 c6 29. Re8+ Rxe8 1-0

[Event "Dimanche 2006.10"]
[Site "Montreal CAN"]
[Date "2006.10.01"]
[Round "1"]
[White "Sedek, Mario"]
[Black "Rondon, Luciano"]
[Result "1-0"]
[WhiteElo "1674"]
[BlackElo "1855"]
[PlyCount "59"]
[EventDate "2006.10.01"]
[EventType "swiss"]
[EventRounds "5"]
[EventCountry "CAN"]

1. d4 d5 2. c4 c6 3. Nc3 Nf6 4. Nf3 e6 5. e3 Nbd7 6. Bd3 dxc4 7. Bxc4 b5 8. Bd3
Bb7 9. O-O a6 10. e4 b4 11. e5 Nd5 12. Ne4 h6 13. Be3 c5 14. Rc1 cxd4 15. Bxd4
Be7 16. Nfd2 O-O 17. Nc4 Nf4 18. Bb1 a5 19. Qg4 g5 20. Rfd1 Bd5 21. g3 h5 22.
Qf3 Nh3+ 23. Kf1 g4 24. Qe3 Bg5 25. Nxg5 Qxg5 26. Qd3 Qg7 27. Be3 Bxc4 28. Qxc4
Nxe5 29. Qe4 Ng5 30. Bxg5 1-0

[Event "Dimanche 2006.10"]
[Site "Montreal CAN"]
[Date "2006.10.15"]
[Round "2"]
[White "Carrier, Claude"]
[Black "Peja, Dritan"]
[Result "1-0"]
[WhiteElo "1960"]
[BlackElo "1722"]
[PlyCount "64"]
[EventDate "2006.10.01"]
[EventType "swiss"]
[EventRounds "5"]
[EventCountry "CAN"]

1. e4 e5 2. Nf3 Nc6 3. Bb5 a6 4. Ba4 b5 5. Bb3 Bc5 6. O-O Nf6 7. c3 O-O 8. d4
exd4 9. cxd4 Bb6 10. e5 Ne8 11. d5 Na5 12. Bc2 d6 13. Ng5 g6 14. e6 fxe6 15.
Nxh7 Rxf2 16. Rxf2 Bxf2+ 17. Kxf2 Qh4+ 18. Kg1 Qxh7 19. dxe6 Bxe6 20. Qe1 Qf7
21. Qxa5 Ng7 22. Qe1 Re8 23. Qf2 Nf5 24. Bg5 Bc4 25. Nc3 b4 26. Ne4 Re6 27. g4
Ng7 28. Nf6+ Kf8 29. Nh7+ Kg8 30. Nf6+ Kf8 31. Ba4 Re2 32. Qf4 Ne6 1-0